| 000 | 00566nam a2200205Ii 4500 | ||
|---|---|---|---|
| 003 | JO-AjNU | ||
| 008 | 230606s9999||||xx |||||||||||||| ||und|| | ||
| 020 | _a978-0-425-23589-8 | ||
| 040 |
_aJO-AjNU _beng _erda _cJO-AjNU |
||
| 041 | _aeng | ||
| 050 | 1 | 4 | _aPS3568.O243.F36 2010 |
| 100 | 3 |
_aRobb.j.d, _eauthor _92436 |
|
| 245 | 0 | 0 | _aFantasty in Death |
| 264 | 3 | 1 | _aNew york:berkley books ,2010 |
| 300 | _a345p | ||
| 336 |
_atext _btxt _2rdacontent |
||
| 337 |
_aunmediated _bn _2rdamedia |
||
| 338 |
_avolume _bnc _2rdacarrier |
||
| 650 | 4 |
_aFantasty in Death _92437 |
|
| 999 |
_aE1276 _c1276 _d1276 |
||